<?xml version="1.0" encoding="UTF-8"?>
<collection xmlns="http://www.loc.gov/MARC21/slim">
 <record>
  <leader>06330nam a2200385 a 4500</leader>
  <controlfield tag="001">kal216</controlfield>
  <controlfield tag="003">Gr-AtHEAL</controlfield>
  <controlfield tag="005">20160421094349.0</controlfield>
  <controlfield tag="006">m        d        </controlfield>
  <controlfield tag="008">160413s2015    gr      s           gre|c</controlfield>
  <datafield tag="020" ind1=" " ind2=" ">
   <subfield code="a">9789606030024</subfield>
  </datafield>
  <datafield tag="040" ind1=" " ind2=" ">
   <subfield code="a">GR-AtHEAL</subfield>
   <subfield code="b">gre</subfield>
   <subfield code="c">GR-AtHEAL</subfield>
  </datafield>
  <datafield tag="082" ind1="0" ind2="4">
   <subfield code="a">004.1</subfield>
   <subfield code="2">23</subfield>
  </datafield>
  <datafield tag="100" ind1="1" ind2=" ">
   <subfield code="a">Καραφυλλίδης, Ιωάννης.</subfield>
   <subfield code="8">95</subfield>
  </datafield>
  <datafield tag="245" ind1="1" ind2="0">
   <subfield code="a">Κβαντική υπολογιστική</subfield>
   <subfield code="h">[Ηλεκτρονικός πόρος] </subfield>
   <subfield code="b">Κβαντική επεξεργασία της πληροφορίας</subfield>
   <subfield code="c">Καραφυλλίδης, Ιωάννης ; Κριτικός αναγνώστης,Σούντρης, Δημήτριος ; Γραφιστική επιμέλεια,Παπαβασιλείου, Σπυρίδων ; Τεχνική επιμέλεια,Παπαβασιλείου, Σπυρίδων.</subfield>
  </datafield>
  <datafield tag="260" ind1=" " ind2=" ">
   <subfield code="a">Αθήνα :</subfield>
   <subfield code="b">Σύνδεσμος Ελληνικών Ακαδημαϊκών Βιβλιοθηκών,</subfield>
   <subfield code="c">c2015.</subfield>
  </datafield>
  <datafield tag="490" ind1=" " ind2=" ">
   <subfield code="a">Ακαδημαϊκά Ηλεκτρονικά Συγγράμματα και Βοηθήματα Κάλλιπος</subfield>
   <subfield code="8">40</subfield>
  </datafield>
  <datafield tag="520" ind1=" " ind2=" ">
   <subfield code="a">Το ηλεκτρονικό αυτό βιβλίο έχει ως στόχο να δώσει στους αναγνώστες όλες τις απαραίτητες γνώσεις που αφορούν στην Κβαντική Υπολογιστική και στους Κβαντικούς Υπολογιστές χωρίς να απαιτούνται γνώσεις Κβαντικής Μηχανικής. Οι προπτυχιακοί και μεταπτυχιακοί φοιτητές θα βρουν στο βιβλίο αυτό έναν οδηγό που θα τους εισάγει και θα τους οδηγήσει βήμα-βήμα στο αντικείμενο αυτό. Όταν τελειώσουν το βιβλίο, θα μπορούν να κατανοήσουν ερευνητικές εργασίες με θέμα την Κβαντική Υπολογιστική. Η ύλη θα καλύπτει ένα εξαμηνιαίο μάθημα για προπτυχιακούς και μεταπτυχιακούς φοιτητές των Τμημάτων με αντικείμενο την Επιστήμη των Υπολογιστών, την Τεχνολογία των Υπολογιστών, την Πληροφορική ή τις Θετικές Επιστήμες. Θα δοθούν όλα τα απαραίτητα στοιχεία της Κβαντικής Μηχανικής και θα περιγραφεί η μονάδα της κβαντικής πληροφορίας, το qubit. Θα περιγραφούν οι κβαντικοί καταχωρητές, οι κβαντικές πύλες και το κυκλωματικό μοντέλο των κβαντικών υπολογισμών. Θα περιγραφούν αναλυτικά και διεξοδικά όλοι οι βασικοί κβαντικοί αλγόριθμοι. Στο βιβλίο θα υπάρχουν πολλά παραδείγματα κβαντικών υπολογισμών και εφαρμογής κβαντικών αλγορίθμων. Η μέγιστη διαδραστικότητα για αυτό το γνωστικό αντικείμενο θα εξασφαλιστεί ως εξής: Το βιβλίο θα συνοδεύεται από τον προσωμοιωτή κβαντικού υπολογιστή, QCS, ο οποίος έχει αναπτυχθεί από τον Κύριο Συγγραφέα [1]. Με τον προσομοιωτή αυτόν, οι χρήστες θα μπορούν να επαναλάβουν όλους τους κβαντικούς υπολογισμούς και αλγορίθμους του βιβλίου καθώς και να αναπτύξουν δικούς τους. Ο QCS περιλαμβάνει γραφικό interface και θα δοθεί με την μορφή πηγαίου κώδικα (Matlab). Με τον τρόπο αυτό οι χρήστες θα μπορούν επίσης να αναπτύξουν και να εξελίξουν τον προσομοιωτή καθώς θα εξελίσσεται η επιστήμη στην περιοχή της Κβαντικής Υπολογιστικής. [1] I. Karafyllidis, “Quantum Computer Simulator based on the Circuit Model of Quantum Computation”, IEEE Transactions on Circuits and Systems I, vol. 52, pp. 1590-1596, 2005.</subfield>
  </datafield>
  <datafield tag="650" ind1=" " ind2="0">
   <subfield code="a">Quantum computing.</subfield>
   <subfield code="8">1610</subfield>
  </datafield>
  <datafield tag="653" ind1=" " ind2=" ">
   <subfield code="a">Κβαντικοί υπολογιστές</subfield>
  </datafield>
  <datafield tag="653" ind1=" " ind2=" ">
   <subfield code="a">Νανοηλεκτρονική</subfield>
  </datafield>
  <datafield tag="653" ind1=" " ind2=" ">
   <subfield code="a">Κβαντική επεξεργασία της πληροφορίας</subfield>
  </datafield>
  <datafield tag="653" ind1=" " ind2=" ">
   <subfield code="a">Κβαντική υπολογιστική</subfield>
  </datafield>
  <datafield tag="653" ind1=" " ind2=" ">
   <subfield code="a">Φυσική</subfield>
   <subfield code="a">Συμπυκνωμένη ύλη: ηλεκτρονική δομή, ηλεκτρικές, μαγνητικές και οπτικές ιδιότητες</subfield>
   <subfield code="a">Υπεραγωγιμότητα</subfield>
  </datafield>
  <datafield tag="653" ind1=" " ind2=" ">
   <subfield code="a">Τεχνολογία και επιστήμες υπολογιστών</subfield>
   <subfield code="a">Ηλεκτρονική τεχνολογία και μηχανική</subfield>
   <subfield code="a">Ηλεκτρονική φυσική - στοιχεία και διατάξεις ημιαγωγών</subfield>
  </datafield>
  <datafield tag="653" ind1=" " ind2=" ">
   <subfield code="a">Τεχνολογία και επιστήμες υπολογιστών</subfield>
   <subfield code="a">Ηλεκτρονική τεχνολογία και μηχανική</subfield>
   <subfield code="a">Νανοηλεκτρονικές διατάξεις</subfield>
  </datafield>
  <datafield tag="653" ind1=" " ind2=" ">
   <subfield code="a">Επιστήμη υπολογιστών/Πληροφορική</subfield>
   <subfield code="a">Αρχιτεκτονική και οργάνωση</subfield>
  </datafield>
  <datafield tag="653" ind1=" " ind2=" ">
   <subfield code="a">Επιστήμη υπολογιστών/Πληροφορική</subfield>
   <subfield code="a">Αρχές ανάπτυξης λογισμικού</subfield>
  </datafield>
  <datafield tag="653" ind1=" " ind2=" ">
   <subfield code="a">Επιστήμη υπολογιστών/Πληροφορική</subfield>
   <subfield code="a">Υπολογιστική επιστήμη</subfield>
  </datafield>
  <datafield tag="700" ind1="1" ind2=" ">
   <subfield code="a">Σούντρης, Δημήτριος</subfield>
   <subfield code="e">Κριτικός αναγνώστης</subfield>
   <subfield code="8">98</subfield>
  </datafield>
  <datafield tag="856" ind1="4" ind2="0">
   <subfield code="u">http://hdl.handle.net/11419/216</subfield>
   <subfield code="z">Πλήρες Κείμενο - Full text</subfield>
  </datafield>
  <datafield tag="907" ind1=" " ind2=" ">
   <subfield code="a">.b25677998</subfield>
   <subfield code="b">12-06-18</subfield>
   <subfield code="c">29-07-16</subfield>
  </datafield>
  <datafield tag="949" ind1=" " ind2=" ">
   <subfield code="0">0</subfield>
   <subfield code="1">0</subfield>
   <subfield code="2">ddc</subfield>
   <subfield code="4">0</subfield>
   <subfield code="6">004_100000000000000_ΚΑΡ</subfield>
   <subfield code="7">0</subfield>
   <subfield code="8">KALL</subfield>
   <subfield code="8">558</subfield>
   <subfield code="d">2016-04-13</subfield>
   <subfield code="r">2016-04-13</subfield>
   <subfield code="w">2016-04-13</subfield>
   <subfield code="z">004.1 ΚΑΡ</subfield>
   <subfield code="o">SEAB KALLIPOS</subfield>
  </datafield>
  <datafield tag="998" ind1=" " ind2=" ">
   <subfield code="a">80</subfield>
   <subfield code="a">01</subfield>
   <subfield code="a">02</subfield>
   <subfield code="a">03</subfield>
   <subfield code="a">04</subfield>
   <subfield code="a">05</subfield>
   <subfield code="a">06</subfield>
   <subfield code="a">07</subfield>
   <subfield code="a">08</subfield>
   <subfield code="a">09</subfield>
   <subfield code="a">10</subfield>
   <subfield code="a">11</subfield>
   <subfield code="a">12</subfield>
   <subfield code="a">13</subfield>
   <subfield code="a">14</subfield>
   <subfield code="a">15</subfield>
   <subfield code="a">16</subfield>
   <subfield code="a">17</subfield>
   <subfield code="a">18</subfield>
   <subfield code="a">19</subfield>
   <subfield code="a">20</subfield>
   <subfield code="a">21</subfield>
   <subfield code="a">22</subfield>
   <subfield code="a">23</subfield>
   <subfield code="a">24</subfield>
   <subfield code="a">25</subfield>
   <subfield code="a">26</subfield>
   <subfield code="b">11-05-17</subfield>
   <subfield code="c">m</subfield>
   <subfield code="d">z  </subfield>
   <subfield code="e">-</subfield>
   <subfield code="f">gre</subfield>
   <subfield code="g">gr </subfield>
   <subfield code="h">0</subfield>
  </datafield>
  <datafield tag="942" ind1=" " ind2=" ">
   <subfield code="2">ddc</subfield>
   <subfield code="c">KALLIPOS</subfield>
  </datafield>
 </record>
</collection>
